Statistics for The Office (US) Characters Picture Quiz

Click here to take the quiz!

General Stats

  • This quiz has been taken 371 times
  • The average score is 22 of 24

Answer Stats

Answer% Correct
Dwight Schrute
99%
Jim Halpert
99%
Angela Martin
98%
Michael Scott
98%
Pam Beesly
98%
Creed Bratton
97%
Oscar Martinez
97%
Phyllis Vance
97%
Kevin Malone
95%
Stanley Hudson
95%
Meredith Palmer
93%
Ryan Howard
93%
Toby Flenderson
93%
Kelly Kapoor
92%
Andy Bernard
91%
Jan Levinson
90%
Roy Anderson
84%
Darryl Philbin
83%
Erin Hannon
83%
Gabe Lewis
80%
David Wallace
79%
Karen Filippelli
78%
Robert California
76%
Nellie Bertram
69%

Score Distribution

Percentile by Number Answered

Percent of People with Each Score

Your Score History

You have not taken this quiz